Recopilación de las ponencias de la reunión de análisis del Programa para la Modernización Educativa, organizada por el IEPES del PRI el 14 de diciembre de 1989 (Record no. 50740)

MARC details
000 -CABECERA
campo de control de longitud fija 00744nam a2200205 a 4500
005 - FECHA Y HORA DE LA ÚLTIMA TRANSACCIÓN
campo de control 20220909063618.0
008 - ELEMENTOS DE LONGITUD FIJA--INFORMACIÓN GENERAL
campo de control de longitud fija 991125s1989 mx 000 0 spa u
035 ## - NÚMERO DE CONTROL DEL SISTEMA
Número de control de sistema UPN01000050740
049 ## - COLECCIÓN
Colección F
050 #4 - SIGNATURA TOPOGRÁFICA DE LA BIBLIOTECA DEL CONGRESO
Número de clasificación LA421 R4.7
Número de documento/Ítem 1989
245 00 - MENCIÓN DE TÍTULO
Título Recopilación de las ponencias de la reunión de análisis del Programa para la Modernización Educativa, organizada por el IEPES del PRI el 14 de diciembre de 1989
260 ## - PUBLICACIÓN, DISTRIBUCIÓN, ETC.
Lugar de publicación, distribución, etc. México :
Nombre del editor, distribuidor, etc. PRI,
Fecha de publicación, distribución, etc. 1989
300 ## - DESCRIPCIÓN FÍSICA
Extensión 47 p
440 #0 - MENCIÓN DE SERIE/ASIENTO SECUNDARIO--TÍTULO
Título Cuadernos del IEPES
650 #7 - ASIENTO SECUNDARIO DE MATERIA - TERMINO TEMATICO
Término de materia o nombre geográfico como elemento de entrada Modernización educativa
Fuente del encabezamiento o término
9 (RLIN) 4852
710 2# - ASIENTO SECUNDARIO - NOMBRE CORPORATIVO
Nombre de entidad corporativa o nombre de jurisdicción como elemento de entrada Reunión de Análisis del Programa para la Modernización Educativa (1989 : México, D.
Unidad subordinada F.
--
902 ## - ELEMENTOS DE DATOS B LOCAL, LDB (RLIN)
Creó CAV CARLOS AGUILAR VILLA
904 ## - ELEMENTOS DE DATOS D LOCAL, LDD (RLIN)
a AC
b 050742
905 ## - TIPO DE MATERIAL
Tipo de material Libro
Holdings
Estado de retiro Estado de pérdida Fuente del sistema de clasificación o colocación Estado dañado No para préstamo Código de colección Localización permanente Ubicación/localización actual Ubicación en estantería Fecha de adquisición Enumeración/cronología de publicación seriada Clasificación Código de barras Fecha visto por última vez Número de copia Tipo de ítem Koha
    Library of Congress Classification   Disponible (Préstamo en sala) Folletería Bib. Gregorio Torres Quintero Bib. Gregorio Torres Quintero Colecciones especiales Planta alta 03/05/2023 - LA421 R4.7 1989 20633f 31/12/2020 1 Folleto